000 00689nam a2200205Ia 4500
003 GCL
005 20240530102134.0
008 140319s9999 xx 000 0 ara d
040 _aGCL /
_cGCL
082 0 4 _a372.632/
_bح ت
100 0 _aحسن شحاته
245 1 0 _aتعليم الاملاء فى الوطن العربى :
_cحسن شحاته
_b اسسه وتقويمه وتطويره /
260 _aالقاهرة :
_bالدار المصرية اللبنانية ،
_c1990.
300 _a133 ص
650 0 4 _aطرق التدريس
650 0 4 _aالتعليم
650 0 4 _aاللغة العربية
650 0 4 _aقواعد الاملاء والهجاء
942 _2ddc
_cBK
999 _c30055
_d30055